Inmaculada : (Record no. 192836)

MARC details
000 -LEADER
campo de control de longitud fija 01471nam a2200337 i 4500
001 - NÚMERO DE CONTROL
campo de control 192836
003 - IDENTIFICADOR DE NÚMERO DE CONTROL
campo de control SpMaBN
005 - FECHA Y HORA DE LA ÚLTIMA TRANSACCIÓN
campo de control 20250830013256.0
008 - DATOS DE LONGITUD FIJA--INFORMACIÓN GENERAL
campo de control de longitud fija 230530s2005 sp | ||| ||spa
016 7# - NÚMERO DE CONTROL DE UNA AGENCIA BIBLIOGRÁFICA NACIONAL
Número de control del registro bimoBNE20050544441
Fuente SpMaBN
017 ## - NÚMERO DE COPYRIGHT O DE DEPÓSITO LEGAL
Número de copyright o de depósito legal S 555-2005
Agencia que asigna Oficina Depósito Legal Salamanca
020 ## - NÚMERO INTERNACIONAL ESTÁNDAR DEL LIBRO
Número Internacional Estándar del Libro 8488265247
035 ## - NÚMERO DE CONTROL DEL SISTEMA
Número de control de sistema (OCoLC)433851221
040 ## - FUENTE DE CATALOGACIÓN
Centro catalogador/agencia de origen SpMaBN
Lengua de catalogación spa
Centro/agencia transcriptor SpMaBN
Normas de descripción rdc
Centro/agencia modificador ES-MaACL
080 ## - NÚMERO DE LA CLASIFICACIÓN DECIMAL UNIVERSAL
Número de la Clasificación Decimal Universal 7.046.3(460)(083.824)
080 ## - NÚMERO DE LA CLASIFICACIÓN DECIMAL UNIVERSAL
Número de la Clasificación Decimal Universal 7.033.5/.035(460)(083.824)
245 00 - MENCIÓN DEL TÍTULO
Título Inmaculada :
Resto del título Santa Iglesia Catedral de Santa María la Real de la Almudena, Madrid, [mayo-octubre] 2005
260 ## - PUBLICACIÓN, DISTRIBUCIÓN, ETC.
Lugar de publicación, distribución, etc. [Valladolid] :
Nombre del editor, distribuidor, etc. Fundación "Las Edades del Hombre",
Fecha de publicación, distribución, etc. [2005]
300 ## - DESCRIPCIÓN FÍSICA
Extensión 406 páginas :
Otras características físicas principalmente ilustraciones (color) ;
Dimensiones 31 cm
504 ## - NOTA DE BIBLIOGRAFÍA, ETC.
Nota de bibliografía, etc. Bibliografía: páginas 373-403
585 ## - NOTA DE EXPOSICIONES
Nota de exposiciones "Exposición organizada por la Conferencia Episcopal Española; realizada y gestionada por Fundación Las Edades del Hombre"
650 #0 - PUNTO DE ACCESO ADICIONAL DE MATERIA--TÉRMINO DE MATERIA
Término de materia o nombre geográfico como elemento de entrada Arte religioso-
Subdivisión geográfica España-
Subdivisión de forma Exposiciones
Fuente del encabezamiento o término embne
9 (RLIN) 226498
650 #0 - PUNTO DE ACCESO ADICIONAL DE MATERIA--TÉRMINO DE MATERIA
Término de materia o nombre geográfico como elemento de entrada Inmaculada Concepción-
Subdivisión general Iconografía-
Subdivisión de forma Exposiciones
Fuente del encabezamiento o término embne
9 (RLIN) 226499
655 #7 - TERMINO DE INDIZACIÓN--GENERO/FORMA
Datos o término principal de género/forma Catálogos de exposiciones
Fuente del término tgfbne
9 (RLIN) 193628
710 2# - ENTRADA AGREGADA--NOMBRE DE ENTIDAD CORPORATIVA
Nombre de entidad corporativa o nombre de jurisdicción como elemento de entrada Conferencia Episcopal Española
9 (RLIN) 3172
710 2# - ENTRADA AGREGADA--NOMBRE DE ENTIDAD CORPORATIVA
Nombre de entidad corporativa o nombre de jurisdicción como elemento de entrada Fundación Las Edades del Hombre
9 (RLIN) 148337
Término indicativo de función/relación Editor
852 ## - LOCALIZACIÓN
Ubicación ES-MaACL
Sublocalización o colección R. 152774
Ubicación en estantería Depósito J
Donativo/Legado Donación: Editorial
Número de control de estantería N-8470
Encuadernación Cartoné
942 ## - ELEMENTOS DE ENTRADA SECUNDARIOS (KOHA)
Tipo de ítem Koha Libro impreso
Suprimir en OPAC No
Holdings
Estatus retirado Estado de pérdida Fuente del sistema de clasificación o colocación Estado de daño No para préstamo Biblioteca de origen Biblioteca actual Ubicación en estantería Fecha de adquisición Fuente de adquisición Total de préstamos Signatura topográfica completa Código de barras Visto por última vez Tipo de ítem Koha
    Clasificación decimal universal     Biblioteca del Ateneo de Madrid Biblioteca del Ateneo de Madrid Depósito J 16/09/2019 Donación   N-8470 101205427 30/05/2023 Libro impreso